000 00680nam a2200229 i 4500
001 bg
245 0 0 _aFizyka :
_blaboratorium /
_cpraca pod red. Marii Leśniak.
260 _aRzeszów :
_bOficyna Wydawnicza Politechniki Rzeszowskiej,
_c1999.
300 _a282 s. :
_bil. ;
_c24 cm.
504 _aBibliogr.
521 _aDla wszystkich kierunków studiów do ćw. laboratoryjnych z przedm. Fizyka.
650 9 _aFizyka
655 _aPodręczniki akademickie
700 1 _aLEŚNIAK, Maria.
_eRed.
020 _a8371990995
040 _cBPK
041 0 _apl
080 _a53(075.8)
920 _a83-7199-099-5
942 _cKS
008 s pl f |000 0 pol
999 _c38808
_d38808
856 _uhttp://koha.tu.koszalin.pl/cgi-bin/koha/opac-detail.pl?biblionumber=38808
_yKatalog online BPK